| 000 | 00786nas a2200253 4500 | ||
|---|---|---|---|
| 001 | BR2012007065 | ||
| 003 | BR-BrBNA | ||
| 005 | 20231205121347.0 | ||
| 007 | ta | ||
| 008 | 230509b bl.|||p| |||| 00| 00por d | ||
| 040 |
_aBR-BrBNA _bpor _cBiblioteca Nacional de Agricultura |
||
| 041 | _a(Pt) | ||
| 072 | _aP01 | ||
| 100 | 1 | _aCarrion, A. de A. | |
| 100 | 1 | _aBrack, P. | |
| 245 | 1 | _aEudicotiledôneas ornamentais dos campos do bioma Pampa no Rio Grande do Sul | |
| 650 | _aPLANTA ORNAMENTAL | ||
| 650 | _aESPÉCIE NATIVA | ||
| 650 | _aFLORA | ||
| 650 | _aPOPULAÇÃO DE PLANTA | ||
| 773 | 0 |
_tRevista Brasileira de Horticultura Ornamental (Brazil) _xISSN 1809-6093 _g(2012), v.18(1) p. 23-38 _wBR2012007065 |
|
| 909 |
_a202311 _bLúcia _c55 _dLúcia Elande |
||
| 942 |
_2AGRIS _n0 _cANA |
||
| 999 |
_c223151 _d223151 |
||